Property law and practice. (Record no. 122039)

MARC details
000 -LEADER
fixed length control field 04279nam a2200577 i 4500
001 - CONTROL NUMBER
control field BDZ0055298498
003 - CONTROL NUMBER IDENTIFIER
control field StDuBDS
005 - DATE AND TIME OF LATEST TRANSACTION
control field 20241030120713.0
006 - FIXED-LENGTH DATA ELEMENTS--ADDITIONAL MATERIAL CHARACTERISTICS
fixed length control field m|||||o||d||||||||
007 - PHYSICAL DESCRIPTION FIXED FIELD--GENERAL INFORMATION
fixed length control field cr |||||||||||
008 - FIXED-LENGTH DATA ELEMENTS--GENERAL INFORMATION
fixed length control field 240524t20242024enk fo 001|0 eng|d
020 ## - INTERNATIONAL STANDARD BOOK NUMBER
International Standard Book Number 9781915469922 (ebook) :
Terms of availability 38.99
020 ## - INTERNATIONAL STANDARD BOOK NUMBER
Canceled/invalid ISBN 9781915469847 (pbk.) :
Terms of availability No price
040 ## - CATALOGING SOURCE
Original cataloging agency StDuBDS
Language of cataloging eng
Description conventions rda
-- pn
Transcribing agency StDuBDS
Modifying agency StDuBDSZ
050 #4 - LIBRARY OF CONGRESS CALL NUMBER
Classification number KD829.P7
Item number H4 2024
072 #7 - SUBJECT CATEGORY CODE
Subject category code LAW
Source ukslc
072 #7 - SUBJECT CATEGORY CODE
Subject category code LN
Source bicssc
072 #7 - SUBJECT CATEGORY CODE
Subject category code LNS
Source bicssc
072 #7 - SUBJECT CATEGORY CODE
Subject category code LR
Source bicssc
072 #7 - SUBJECT CATEGORY CODE
Subject category code LN
Source thema
072 #7 - SUBJECT CATEGORY CODE
Subject category code LNS
Source thema
072 #7 - SUBJECT CATEGORY CODE
Subject category code LX
Source thema
072 #7 - SUBJECT CATEGORY CODE
Subject category code VSD
Source thema
082 04 - DEWEY DECIMAL CLASSIFICATION NUMBER
Classification number 346.42043
Edition number 23
100 1# - MAIN ENTRY--PERSONAL NAME
Personal name Harris, Clare,
Relator term author.
245 10 - TITLE STATEMENT
Title Property law and practice.
Medium [electronic resource].
250 ## - EDITION STATEMENT
Edition statement 2024/25 [edition] /
Remainder of edition statement Clare Harris and Anne Rodell.
264 #1 - PRODUCTION, PUBLICATION, DISTRIBUTION, MANUFACTURE, AND COPYRIGHT NOTICE
Place of production, publication, distribution, manufacture Guildford :
Name of producer, publisher, distributor, manufacturer College of Law Publishing,
Date of production, publication, distribution, manufacture, or copyright notice [2024]
264 #4 - PRODUCTION, PUBLICATION, DISTRIBUTION, MANUFACTURE, AND COPYRIGHT NOTICE
Date of production, publication, distribution, manufacture, or copyright notice 2024
300 ## - PHYSICAL DESCRIPTION
Extent 1 online resource.
336 ## - CONTENT TYPE
Content type term text
Source rdacontent
337 ## - MEDIA TYPE
Media type term computer
Source rdamedia
338 ## - CARRIER TYPE
Carrier type term online resource
Source rdacarrier
366 ## - TRADE AVAILABILITY INFORMATION
Detailed date of publication 20240630
Availability status code Available
490 1# - SERIES STATEMENT
Series statement CLP legal practice guides
500 ## - GENERAL NOTE
General note Previous edition: 2023.
500 ## - GENERAL NOTE
General note Includes index.
505 0# - FORMATTED CONTENTS NOTE
Formatted contents note Essential Background -- -- Introduction to Property Law and Practice -- -- Outline of a Simple Transaction -- -- Underlying Land Law Principles - Rights and Interests -- -- Underlying Land Law Principles - Registered and Unregistered Land -- -- Conduct Issues Relevant to Conveyancing -- -- Property Taxation -- -- Town and Country Planning, Building Regulations and Related Matters -- -- -- -- The Conveyancing Transaction: Initial Stages -- -- Marketing the Property and Taking Instructions -- -- Finance for the Buyer -- -- Advising Joint Buyers -- -- Fixtures and Fittings -- -- Surveys -- -- Action Following Instructions -- -- -- -- The Conveyancing Transaction: Procedure Leading to Exchange -- -- Deduction of Title -- -- Investigation of Title - How to Investigate Title -- -- Investigation of Title - Problems and Worked Examples -- -- Searches and Enquiries Before Contract -- -- The Draft Contract -- -- Conditional Contracts and Options -- -- The Mortgage -- -- The Deposit -- -- Insurance -- -- Preparing to Exchange -- -- Exchange of Contracts -- -- -- -- The Conveyancing Transaction: After Exchange -- -- The Consequences of Exchange -- -- Request for Completion Information -- -- The Transfer Deed -- -- Pre-completion Searches -- -- Preparing for Completion -- -- -- -- The Conveyancing Transaction: Completion and Post-completion -- -- Completion -- -- After Completion -- -- -- -- Delay and Remedies -- -- Late Completion -- -- Remedies -- -- -- -- Leaseholds -- -- Introduction to Leasehold Property -- -- The Grant of a Lease -- -- The Assignment of a Lease -- -- Drafting Leases -- -- Flat Management Schemes and Service Charge Provisions -- -- Rent Review in Commercial Leases -- -- Landlord and Tenant Act 1954, Part II -- -- -- -- Sales of Part and New Properties -- -- Sales of Part -- -- New Properties -- -- Appendices
520 8# - SUMMARY, ETC.
Summary, etc. 'Property Law and Practice' provides a detailed examination of the processes involved in freehold and leasehold property transactions, clearly addressing the issues that arise in both the residential and commercial fields.
Expansion of summary note Property Law and Practice provides a detailed examination of the processes involved in freehold and leasehold property transactions, clearly addressing the issues that arise in both the residential and commercial fields. It deals with all the issues confronting the practitioner on a day-to-day basis to provide a complete overview of modern conveyancing practice.
588 ## - SOURCE OF DESCRIPTION NOTE
Source of description note Description based on information supplied online (viewed on September 7, 2024).
650 #0 - SUBJECT ADDED ENTRY--TOPICAL TERM
Topical term or geographic name entry element EBOOK
650 #0 - SUBJECT ADDED ENTRY--TOPICAL TERM
Topical term or geographic name entry element LANDLORD AND TENANT
650 #7 - SUBJECT ADDED ENTRY--TOPICAL TERM
Topical term or geographic name entry element LAND LAW
650 #7 - SUBJECT ADDED ENTRY--TOPICAL TERM
Topical term or geographic name entry element LEASEHOLD PROPERTY
650 #7 - SUBJECT ADDED ENTRY--TOPICAL TERM
Topical term or geographic name entry element RENT REVIEWS
700 1# - ADDED ENTRY--PERSONAL NAME
Personal name Rodell, Anne,
Relator term author.
776 08 - ADDITIONAL PHYSICAL FORM ENTRY
Relationship information Print version :
International Standard Book Number 9781915469847
830 #0 - SERIES ADDED ENTRY--UNIFORM TITLE
Uniform title CLP legal practice guides.
856 40 - ELECTRONIC LOCATION AND ACCESS
Uniform Resource Identifier <a href="https://www.vlebooks.com/product/openreader?id=RICS&accId=9491556&isbn=9781915469922">https://www.vlebooks.com/product/openreader?id=RICS&accId=9491556&isbn=9781915469922</a>
Public note Available on VLeBooks (email [email protected] if you do not have a login)
942 ## - ADDED ENTRY ELEMENTS (KOHA)
Source of classification or shelving scheme Dewey Decimal Classification
Holdings
Withdrawn status Lost status Damaged status Not for loan Home library Current library Shelving location Date acquired Total Checkouts Full call number Date last seen Price effective from Koha item type
        Virtual Virtual Online 29/10/2024   EBOOK 29/10/2024 29/10/2024 Book